Statistiques concernant Culture Générale - Série 1926

Cliquez ici pour prendre le quiz!

Statistiques générales

  • Ce quiz a été pris 58 fois
  • Le résultat moyen est 5 sur 10

Statistiques - réponses

HintRéponse% Correct
Dans quel pays d'Afrique se trouvent les "townships" ?Afrique du Sud
86%
Quel anglicisme péjoratif qualifie un éternel perdant ?loser
82%
Máo Zédōng était surnommé : "le grand .... voir phototimonier
73%
Pour jouer au "craps" on utilise deux ...dés
73%
Quel nom les poètes donnent-ils à l'eau ?onde
66%
Quel anglicisme désigne la technique musicale consistant à retravailler un titre déjà enregistré afin d'en produire une autre versionremix
41%
Spécialité culinaire emblématique des cuisines basque et gasconne, généralement servie avec des œufs, des viandes, ou du poissonpiperade
38%
Dans la mythologie grecque, quel est le dieu des arts ?Apollon
29%
Dans quel département français se trouve la ville de Sées ?Orne
29%
Dans un jeu de cartes, comment s'appelle le roi de coeur ?Charles
16%

Distribution des résultats

Percentile par nombre de réponses

% des personnes avec chaque résultat

Votre développement - résultats

Vous n’avez pas pris ce quiz